00780nam a2200229 a 450000100100000000500170001000800410002702000150006804000250008308200200010810000190012824000310014724500960017826000750027430000210034949000270037050000420039753400410043965000190048065000230049970000280052200002192920200930011516.0100914s1997 mx r 000 jbspa d a9682948991 aDO-SdBNPbspacBNPHU a894.51133bJ74r1 aJókai, Mór 0aSárga rózsalespañol13aLa rosa amarilla :bnovela de la llanura /cMór Jókai; traducción, Andrés Révesz. aMéxico D. F. :bConsejo Nacional para la Cultura y las Artes,c1997. a130 p. ;c21 cm. aClásico de Hoy ;v12 aIncluye lista de títulos publicados aTítulo original :tSárga rózsa 4aNovela hungara 4aLiteratura hungara1 aRévesz, Andrésetr.